Statistics for Fast Typing - 1-20

Click here to take the quiz!

General Stats

  • This quiz has been taken 54 times
  • The average score is 18 of 20

Answer Stats

Answer% Correct
1
97%
2
97%
5
97%
6
97%
3
94%
4
94%
7
94%
8
94%
10
91%
11
91%
12
91%
13
91%
14
91%
15
91%
16
91%
17
91%
9
91%
18
88%
19
88%
20
78%

Score Distribution

Percentile by Number Answered

Percent of People with Each Score

Your Score History

You have not taken this quiz